Cristianos en diálogo: aportaciones católicas al ecumenismo
Spremljeno u:
| Glavni autor: | |
|---|---|
| Format: | Knjiga |
| Jezik: | španjolski |
| Izdano: |
Barcelona
Estela
1967
|
| Serija: | Ecclesia, 14
|
| Teme: | |
| Oznake: |
Dodaj oznaku
Bez oznaka, Budi prvi tko označuje ovaj zapis!
|
MARC
| LEADER | 00000nam a2200000 a 4500 | ||
|---|---|---|---|
| 001 | UCR2004 | ||
| 003 | CL-VaPUC | ||
| 008 | 980109e19670000SP |||||||||||||||||spa|d | ||
| 082 | 0 | 4 | |a 261.8 |b CON |2 21 |
| 100 | 0 | |a Congar, Yves Marie-Joseph |e author |9 395176 | |
| 245 | 1 | 0 | |a Cristianos en diálogo: aportaciones católicas al ecumenismo |
| 300 | |a 548 p | ||
| 600 | 0 | |a Lutero, Martín |d 1483-1546 |9 859309 | |
| 942 | |c BK | ||
| 945 | |d 19980109 00:00:00 |a jquezada | ||
| 260 | |a Barcelona |b Estela |c 1967 | ||
| 650 | 0 | |a Teología social |9 326726 | |
| 650 | 7 | |a ECUMENICO |2 CL-VaPUC |9 399548 | |
| 650 | 0 | |a Cristología |9 315091 | |
| 650 | 0 | |a Anglicanismo |9 347523 | |
| 650 | 0 | |a Espiritualidad |9 267331 | |
| 650 | 7 | |a CISMA |2 CL-VaPUC |9 399549 | |
| 650 | 7 | |a MOVIMIENTO ECUMENICO |2 CL-VaPUC |9 399550 | |
| 651 | 0 | |a Israel |9 314378 | |
| 651 | 7 | |a ORIENTE |2 CL-VaPUC |9 266721 | |
| 583 | |a last modification |c 19980109 00:00:00 |k Rodrigo Vera | ||
| 490 | 0 | |a Ecclesia, 14 | |
| 999 | |c 265282 |d 265280 | ||
| 952 | |0 0 |1 0 |4 0 |6 261_800000000000000_CON_1967 |7 0 |8 A |9 296146 |a BIBTEO |b BIBTEO |d 2019-11-20 |i 3373355 |o 261.8 CON 1967 |p 3373355 |r 2025-01-17 |w 2019-11-20 |y BK |k ICR | ||